Vista normal
Vista MARC
Entrada Nombre personal
Número de registros utilizados en: 2
001 - NÚMERO DE CONTROL
- campo de control: 67779
003 - IDENTIFICADOR DEL NÚMERO DE CONTROL
- campo de control: BNPHU
005 - FECHA Y HORA DE LA ÚLTIMA TRANSACCIÓN
- campo de control: 20240305091016.0
008 - DATOS DE LONGITUD FIJA
- campo de control de longitud fija: 200615|| aca||aabn | a|a d
040 ## - FUENTE DE LA CATALOGACIÓN
- Centro catalogador/agencia de origen: DO-SdBNP
- Lengua de catalogación: spa
- Centro/agencia transcriptor: BNPHU
- Normas de descripción: rda
100 1# - ENCABEZAMIENTO-NOMBRE DE PERSONA
- Nombre de persona: Martínez Rodríguez, Ma. del Carmen,
- Forma completa/desarrollada del nombre: (María del Carmen)
400 1# - TRAZADO DE VÉASE--NOMBRE DE PERSONA
- Nombre de persona: Rodríguez, Ma. del Carmen Martínez
- Forma completa/desarrollada del nombre: (María del Carmen Martínez)
400 1# - TRAZADO DE VÉASE--NOMBRE DE PERSONA
- Nombre de persona: Martínez Rodríguez, María del Carmen
670 ## - FUENTE DE DATOS ENCONTRADOS
- Cita de la fuente: Work cat.: (OSt)40695: Martínez Rodríguez, María del Carmen, Los clones de Albariño (Vitis vinifera L.) seleccionados en el Consejo Superior de Investigaciones Científicas /, 2005.
670 ## - FUENTE DE DATOS ENCONTRADOS
- Cita de la fuente: La vid en el occidente del Principado de Asturias, 1999
